Normal view
MARC view
- تفسير-مفسرين
Entry Topical Term
001 - CONTROL NUMBER
- control field: 14737
003 - CONTROL NUMBER IDENTIFIER
- control field: JO-AjAnu
005 - DATE AND TIME OF LATEST TRANSACTION
- control field: 20230606072643.0
008 - FIXED-LENGTH DATA ELEMENTS
- fixed length control field: 230606|| aca||aabn | a|a d
040 ## - CATALOGING SOURCE
- Original cataloging agency: JO-AjAnu
- Transcribing agency: JO-AjAnu
150 ## - HEADING--TOPICAL TERM
- Topical term or geographic name entry element: تفسير-مفسرين
670 ## - SOURCE DATA FOUND
- Source citation: Work cat.: (JO-AjAnu)7568: السيوطي،جلال الدين عبد الرحمن بن بكر/تصنيف ، لجنة من العلماء باشراف الناشر/ضبط ومراجعة, author 14736, طبقات المفسرين